000 00743nam a22001937a 4500
999 _c18823
_d18823
008 240201b ||||| |||| 00| 0 eng d
020 _a9789814846035
082 _22019
_aDC 150.287
_bK141
100 _aKaplan, Robert M.
_917032
245 _aPsychological testing :
_bprinciples, applications, and issues /
_cRobert M. Kaplan and Dennis P. Saccuzzo
250 _aNinth edition.
260 _aSingapore :
_bCengage learning asia Pte, Ltd.,
_c©2019.
300 _axxiii, 710 pages :
_billustrations ;
_c23 cm.
500 _aIncludes glossary, references, and index.
650 _aPsychological tests
_xTextbooks.
_917034
650 _aPsychometrics
_xTextbooks.
_917035
700 _aSaccuzzo, Dennis P.
_eauthor.
_950992
942 _2ddc
_cDC